Land reform in central America and the Caribben
| Format: | Book |
|---|---|
| Language: | English |
| Published: |
Guatemala :
Piedra Santa
1990
|
| Subjects: |
MARC
| LEADER | 00000cam a2200000 7i4500 | ||
|---|---|---|---|
| 001 | 0000010500 | ||
| 005 | 20240919.0 | ||
| 008 | 030522 gt eng | ||
| 040 | |a INS |b eng |e rda | ||
| 090 | 0 | 0 | |a HD906 |b .L2531 1990 |
| 245 | 0 | 0 | |a Land reform in central America and the Caribben |
| 264 | 1 | |a Guatemala : |b Piedra Santa |c 1990 | |
| 300 | |a v, 473 pages : |b illustrations ; |c 22 cm. | ||
| 336 | |a text |2 rdacontent | ||
| 337 | |a unmediated |2 rdamedia | ||
| 338 | |a volume |2 rdacarrier | ||
| 650 | 0 | |a Land reformIxCentral america | |
| 999 | |a 0000008151 |b BOOK |c Open Shelf |e Default branch | ||